| 000 | 01926nam a2200397 a 4500 | ||
|---|---|---|---|
| 001 | ebr10312955 | ||
| 003 | CaPaEBR | ||
| 006 | m u | ||
| 007 | cr cn||||||||| | ||
| 008 | 080305s2008 mauaf sb 001 0 eng d | ||
| 010 | _z 2008270398 | ||
| 015 |
_aGBA823822 _2bnb |
||
| 016 | 7 |
_z014504109 _2Uk |
|
| 020 | _z9781596931114 | ||
| 020 | _z1596931116 | ||
| 040 |
_aCaPaEBR _cCaPaEBR |
||
| 035 | _a(OCoLC)647824504 | ||
| 050 | 1 | 4 |
_aR857.T55 _bT73 2008eb |
| 082 | 0 | 4 |
_a616.027 _222 |
| 245 | 0 | 0 |
_aTranslational approaches in tissue engineering and regenerative medicine _h[electronic resource] / _cJeremy J. Mao ... [et al.], editors. |
| 260 |
_aBoston, Mass. ; _aLondon : _bArtech House, _cc2008. |
||
| 300 |
_axxi, 516 p., 16 p. of plates : _bill. (some col.) ; _c27 cm. |
||
| 490 | 1 | _aEngineering in medicine & biology | |
| 504 | _aIncludes bibliographical references and index. | ||
| 505 | 0 | _apt. 1. Principles of regenerative medicine -- pt. 2. Stem cells in regenerative medicine -- pt. 3. Regeneration of tissues and organs: translational approaches -- pt. 4. Engineered scaffolds and matrices: tailored for specific cell needs -- pt. 5. Common and enabling approaches in tissue engineering and regenerative medicine -- pt. 6. Federal funding, industrial approaches, and regulatory mechanisms. | |
| 533 |
_aElectronic reproduction. _bPalo Alto, Calif. : _cebrary, _d2009. _nAvailable via World Wide Web. _nAccess may be limited to ebrary affiliated libraries. |
||
| 650 | 0 | _aTissue engineering. | |
| 650 | 0 | _aRegeneration (Biology) | |
| 650 | 0 | _aStem cells. | |
| 650 | 0 | _aMedical genetics. | |
| 655 | 7 |
_aElectronic books. _2local |
|
| 700 | 1 | _aMao, Jeremy J. | |
| 710 | 2 | _aebrary, Inc. | |
| 830 | 0 | _aArtech House engineering in medicine & biology series. | |
| 856 | 4 | 0 |
_uhttp://site.ebrary.com/lib/rucke/Doc?id=10312955 _zAn electronic book accessible through the World Wide Web; click to view |
| 999 |
_c165129 _d165129 |
||